Distributed hydrologic modeling using GIS

This book is generally concerned with surface runoff and flood periods, the conceptions and methods, as well as the method of utilizing GIS for distributed models, are remakably useful. Careful study of this excellent book will help achieve understanding of GIS-based distributed modelling, and it is...

Cijeli opis

Spremljeno u:
Bibliografski detalji
Glavni autor: Vieux, Baxter E.
Format: Knjiga
Jezik:Undetermined
Izdano: Dordrecht Kluwer 2001
Teme:
Oznake: Dodaj oznaku
Bez oznaka, Budi prvi tko označuje ovaj zapis!
Thư viện lưu trữ: Trung tâm Học liệu Trường Đại học Cần Thơ
LEADER 01117nam a2200205Ia 4500
001 CTU_141848
008 210402s9999 xx 000 0 und d
082 |a 627.011 
082 |b V671 
100 |a Vieux, Baxter E. 
245 0 |a Distributed hydrologic modeling using GIS 
245 0 |c By Baxter E. Vieux 
260 |a Dordrecht 
260 |b Kluwer 
260 |c 2001 
520 |a This book is generally concerned with surface runoff and flood periods, the conceptions and methods, as well as the method of utilizing GIS for distributed models, are remakably useful. Careful study of this excellent book will help achieve understanding of GIS-based distributed modelling, and it is highly recommended to students, teachers, researchers, and engineers involved in hydrology, water resources, and environmental Sciences 
650 |a Hydrologic models,Geographic information systems,Hydrology,Electronic data processing,Hidrolik modeller,Cogfrafik enformasyon sistemleri 
650 |x Data processing,Distributed processing 
904 |i Trọng Hải 
980 |a Trung tâm Học liệu Trường Đại học Cần Thơ